000
00351 a2200169 4500
001
58891
020
_a
850809342X
040
_c
Anchieta - Pituba
100
_a
Rigolin, Tércio Barbosa
240
1
0
_a
Geografia
_l
por
245
1
0
_a
Geografia
300
_a
448
362
0
_a
2005
440
1
_a
Ática
650
4
_a
Geografia e viagens
942
_c
BK
999
_c
58891
_d
58891